|
|
|
|
| LEADER |
01159naa a2200289 i 4500 |
| 001 |
acta73022 |
| 005 |
20230301160058.0 |
| 008 |
210714s2018 hu o 1|| eng d |
| 020 |
|
|
|a 978-963-306-589-1
|
| 040 |
|
|
|a SZTE Egyetemi Kiadványok Repozitórium
|b hun
|
| 041 |
|
|
|a eng
|
| 100 |
2 |
|
|a Ružić-Muslić Dragana
|
| 245 |
1 |
4 |
|a The effect of replacing fish meal with herbal protein in the lamb diet
|h [elektronikus dokumentum] /
|c Ružić-Muslić Dragana
|
| 260 |
|
|
|c 2018
|
| 300 |
|
|
|a 80
|
| 490 |
0 |
|
|a Wellmann International Scientific Conference
|
| 650 |
|
4 |
|a Mezőgazdaság-tudományok
|
| 650 |
|
4 |
|a Állattenyésztési és tejtermelési tudomány
|
| 695 |
|
|
|a Állattenyésztés - birka - előadáskivonat, Takarmányozás - birka - előadáskivonat
|
| 700 |
0 |
1 |
|a Petrović M. P.
|e aut
|
| 700 |
0 |
1 |
|a Bijelić Zorica
|e aut
|
| 700 |
0 |
1 |
|a Škrbić Zdenka
|e aut
|
| 700 |
0 |
2 |
|a Caro Petrović V.
|e aut
|
| 700 |
0 |
2 |
|a Maksimović N.
|e aut
|
| 700 |
0 |
2 |
|a Cekic B.
|e aut
|
| 711 |
|
|
|a Wellmann International Scientific Conference (16.)
|c Hódmezővásárhely
|d 2018
|
| 856 |
4 |
0 |
|u http://acta.bibl.u-szeged.hu/73022/1/wellmann_abstracts_2018_080.pdf
|z Dokumentum-elérés
|